LEADER 01564nam 2200433 450 001 9910703835903321 005 20150730111139.0 035 $a(CKB)5470000002435374 035 $a(OCoLC)915139502 035 $a(EXLCZ)995470000002435374 100 $a20150730d2006 ua 0 101 0 $aeng 135 $aurcn||||||||| 181 $ctxt$2rdacontent 182 $cc$2rdamedia 183 $acr$2rdacarrier 200 00$a[Physical activity - cancer risk perceptions and group differences in behavior] 210 1$a[Bethesda, Md.] :$cDepartment of Health and Human Services, National Institutes of Health, National Cancer Institute, Health Information National Trends Survey,$d2006. 215 $a1 online resource (2 unnumbered pages) $ccolor illustrations 225 1 $aHints briefs ;$vnumber 4 300 $aTitle from title screen (viewed July 30, 2015). 300 $a"December 2006." 320 $aIncludes bibliographical references. 606 $aExercise$xHealth aspects 606 $aCancer$xPrevention 606 $aHuman behavior$vStatistics 606 $aHealth risk communication 608 $aStatistics.$2lcgft 615 0$aExercise$xHealth aspects. 615 0$aCancer$xPrevention. 615 0$aHuman behavior 615 0$aHealth risk communication. 712 02$aHealth Information National Trends Survey, 801 0$bGPO 801 1$bGPO 906 $aBOOK 912 $a9910703835903321 996 $aPhysical activity - cancer risk perceptions and group differences in behavior$93134912 997 $aUNINA LEADER 02859nam 2200697Ia 450 001 9910970922503321 005 20200520144314.0 010 $a979-82-16-30300-8 010 $a1-282-52161-6 010 $a9786612521614 010 $a0-8108-7052-5 035 $a(CKB)1000000000811707 035 $a(EBL)467182 035 $a(OCoLC)609847018 035 $a(SSID)ssj0000356182 035 $a(PQKBManifestationID)12071058 035 $a(PQKBTitleCode)TC0000356182 035 $a(PQKBWorkID)10341675 035 $a(PQKB)10470179 035 $a(Au-PeEL)EBL467182 035 $a(CaPaEBR)ebr10362705 035 $a(CaONFJC)MIL252161 035 $a(MiAaPQ)EBC467182 035 $a(EXLCZ)991000000000811707 100 $a20090828d2009 uy 0 101 0 $aeng 135 $aur|n|---||||| 181 $ctxt 182 $cc 183 $acr 200 14$aThe A to Z of Zionism /$fRafael Medoff, Chaim I. Waxman 205 $a102th ed. 210 $aLanham, MD $cScarecrow Press$d2009 215 $a1 online resource (304 p.) 225 1 $aThe A to Z guide series ;$vno. 102 300 $aPreviously published as: Historical dictionary of Zionism. 2nd ed. 2008. 311 08$a0-8108-6889-X 320 $aIncludes bibliographical references (p. 247-267). 327 $aContents; Editor's Foreword; Acronyms and Abbreviations; Maps; Chronology; Introduction; The Dictionary; Appendix 1: Selected Biblical Roots; Appendix 2: "Hatikvah" (The Hope); Appendix 3: Basle Program; Appendix 4: Balfour Declaration; Appendix 5: League of Nations Mandate; Appendix 6: Israel's Declaration of Independence; Bibliography; About the Authors 330 $aAlthough 60 years have now passed since the establishment of Israel, many of the political and religious factions that made up the Zionist movement in the pre-state era remain active. The A to Z of Zionism_through its chronology, maps, introductory essay, bibliography, and over 200 cross-referenced dictionary entries on crucial persons, organizations, and events_is a valuable contribution to the appreciation for both the diversity and consensus that characterize the Zionist experience. 410 0$aA to Z guides ;$v102. 517 3 $aZionism 606 $aZionism$vDictionaries 606 $aZionism$xHistory$vDictionaries 606 $aZionists$vBiography$vDictionaries 607 $aIsrael$xHistory$vDictionaries 615 0$aZionism 615 0$aZionism$xHistory 615 0$aZionists 676 $a320.5409569403 676 $a956.94 700 $aMedoff$b Rafael$f1959-$0451127 701 $aWaxman$b Chaim Isaac$0706878 701 $aMedoff$b Rafael$f1959-$0451127 801 0$bMiAaPQ 801 1$bMiAaPQ 801 2$bMiAaPQ 906 $aBOOK 912 $a9910970922503321 996 $aThe A to Z of Zionism$94453600 997 $aUNINA